Industrial marketing for results
Shranjeno v:
| Glavni avtor: | |
|---|---|
| Format: | Knjiga |
| Jezik: | angleščina |
| Izdano: |
Reading
Addison-Wesley
1981
|
| Teme: | |
| Oznake: |
Označite
Brez oznak, prvi označite!
|
MARC
| LEADER | 00000nam a2200000 a 4500 | ||
|---|---|---|---|
| 001 | UCQ1151 | ||
| 003 | CL-VaPUC | ||
| 008 | 980709e19810000US |||||||||||||||||eng|d | ||
| 082 | 0 | 4 | |a 658.8 |b BER |2 21 |
| 100 | 0 | |a Berry, Dick |e author |9 414763 | |
| 245 | 1 | 0 | |a Industrial marketing for results |
| 300 | |a 210 p | ||
| 942 | |c BK | ||
| 945 | |d 19980709 00:00:00 |a cmena | ||
| 260 | |a Reading |b Addison-Wesley |c 1981 | ||
| 650 | 0 | |a Marketing |9 259324 | |
| 650 | 0 | |a Gestión de la producción |9 259467 | |
| 650 | 0 | |a Consumidores |9 315658 | |
| 650 | 0 | |a Toma de decisiones |9 257530 | |
| 650 | 0 | |a Publicidad |9 314572 | |
| 650 | 0 | |a Ventas |9 259323 | |
| 583 | |a last modification |c 19980709 00:00:00 |k Rodrigo Vera | ||
| 999 | |c 272155 |d 272153 | ||
| 952 | |0 0 |1 0 |4 0 |6 658_800000000000000_BER_1981 |7 0 |8 A |9 307026 |a BIBENE |b BIBENE |d 2019-11-20 |i 1433695 |o 658.8 BER 1981 |p 1433695 |r 2025-01-15 |w 2019-11-20 |y BK |k ICO | ||